LIBRARY ONLINE CATALOGUE

Anthropological on missiological issues/ (Record no. 19525)

MARC details
000 -LEADER
fixed length control field 00502nam a22001697a 4500
008 - FIXED-LENGTH DATA ELEMENTS--GENERAL INFORMATION
fixed length control field 220922b |||||||| |||| 00| 0 eng d
020 ## - INTERNATIONAL STANDARD BOOK NUMBER
International Standard Book Number 0801043948
050 ## - LIBRARY OF CONGRESS CALL NUMBER
Classification number BV2063
Item number .H46 1994 C.1
100 ## - MAIN ENTRY--PERSONAL NAME
Personal name Hiebert, Paul G.
245 ## - TITLE STATEMENT
Title Anthropological on missiological issues/
Statement of responsibility, etc. Paul G. Hiebert
260 ## - PUBLICATION, DISTRIBUTION, ETC. (IMPRINT)
Place of publication, distribution, etc. Grands, Michigan
Name of publisher, distributor, etc. Baker Books
Date of publication, distribution, etc. 1994
300 ## - PHYSICAL DESCRIPTION
Extent 272p.
650 ## - SUBJECT ADDED ENTRY--TOPICAL TERM
Topical term or geographic name as entry element Missions
Form subdivision Theory
650 ## - SUBJECT ADDED ENTRY--TOPICAL TERM
Topical term or geographic name as entry element Missions
Form subdivision Anthropological aspects
650 ## - SUBJECT ADDED ENTRY--TOPICAL TERM
Topical term or geographic name as entry element Christianity and culture
942 ## - ADDED ENTRY ELEMENTS (KOHA)
Source of classification or shelving scheme Library of Congress Classification
Koha item type General Collection
Holdings
Withdrawn status Lost status Source of classification or shelving scheme Not for loan Home library Current library Date acquired Cost, normal purchase price Inventory number Total Checkouts Full call number Barcode Date last seen Copy number Price effective from Koha item type
    Library of Congress Classification   Kabarak, Main Campus Kabarak, Main Campus 22/09/2022 3500.00 0561/2022   BV2063 .H46 1994 C.1 031951 02/08/2024 C.1 22/09/2022 General Collection